| 000 | 02753nam0a2200385 4500 | ||
|---|---|---|---|
| 001 | RU\NLR\BIBL_A\011448913 | ||
| 005 | 20250626070442.0 | ||
| 020 |
_aRU _b6946 _9Сводный каталог листовок первых лет Советской власти (25 октября (7 ноября) 1917 - 1925) Т.4 (Ч.1). Листовки советских, партийных, профсоюзных, комсомольских и других организаций губерний РСФСР |
||
| 035 | _a(NLR Aleph) 011448913 | ||
| 090 |
_a11742909 _c11742909 |
||
| 100 | _a20170804d1917 |||y0rusy50 ca | ||
| 101 | 0 | _arus | |
| 102 | _aRU | ||
| 105 | _ay z 000zy | ||
| 135 | _acrgn 008apada | ||
| 200 | 1 |
_aГраждане! "Из многих мест за последнее время стали поступать печальные вести о том, что крестьяне нередко целыми обществами приступили к самовольной рубке казенных, удельных, общественных и частновладельческих лесов..." _e[листовка] |
|
| 210 |
_aМеленки _cтип. бр. Власовых _d[1917, нояб.-дек.] |
||
| 215 |
_a1 с. _d31х18 |
||
| 300 | _aПодпись: Меленковский уездный Совет крестьянских депутатов | ||
| 325 | 1 | _aКопия доступна в Электронной библиотеке РНБ | |
| 517 | 1 | _aИз многих мест за последнее время стали поступать печальные вести о том, что крестьяне нередко целыми обществами приступили к самовольной рубке казенных, удельных, общественных и частновладельческих лесов... | |
| 607 |
_aРСФСР _jЛистовки _xПолитика и управление _y1917 - 1925 _92312782 _3RU\NLR\auth\6601609564 |
||
| 686 | 0 | _aТ3(2)71-313,011 | |
| 686 | 1 | _aТ3(2Р-4Вл)711-3,011 | |
| 711 | 0 | 2 |
_aМеленковский уездный Совет крестьянских депутатов _9535137 _3RU\NLR\AUTH\880435389 |
| 852 | 0 | 0 |
_aNLR _bФЛ _j17/83 |
| 942 | _cBOOK | ||
| 980 | _aNB | ||
| 981 | 2 | 1 |
_a(21) Листовки _b(21) Листовки 1917 года |
| 981 | 2 | 2 |
_a(22) Материалы по истории России _b(22) История России с 25 октября (7 ноября) 1917 года |